The translator's handbook : (رقم التسجيلة. 22325)

تفاصيل مارك
000 -الفاتح
حقل البيانات ثابتة الطول 00719nam a2200229Ia 4500
001 - رقم الضبط
رقم الضبط 11328068
003 - محدد رقم الضبط
رقم الضبط OSt
005 - وقت وتاريخ اخر تعامل مع التسجيلة
رقم الضبط 20151129095349.0
008 - عناصر البيانات ثابتة الطول - معلومات عامة
حقل البيانات ثابتة الطول 841030s1984 enk 000 0 eng d
020 ## - الرقم الدولى المعيارى للكتب
الرقم الدولى المعيارى للكتاب 0861400941
020 ## - الرقم الدولى المعيارى للكتب
الرقم الدولى المعيارى للكتاب 9780861400942
035 ## - رقم ضبط النظام
رقم ضبط النظام 3380485
040 ## - مصدر الفهرسة
وكالة الفهرسة الأصلية VA@
وكالة النسخ VA@
وكالة التعديل OSU
090 00 - رقم الضبط المحلى
رقم تصنيف (OCLC) (R) ;رقم تصنيف, CALL (RLIN) (NR) P306
كتر محلي OCLC رقم كتاب / رقم طلب غير مقسم,رقم RLIN( غير مكرر) .F8 1984
100 1# - المدخل الرئيسى - إسم شخصى
الإسم الشخصى Fuller, Frederick.
9 (RLIN) 10900
245 14 - بيان العنوان
العنوان The translator's handbook :
بقية العنوان (with special reference to conference translation from French and Spanish) /
بيان المسئوليه,etc Frederick Fuller.
250 ## - بيان الطبعة
بيان الطبعة 2nd ed., rev. and enl.
260 ## - PUBLICATION, DISTRIBUTION, ETC. (IMPRINT)
مكان الناشر او الموزع Gerrards Cross, Buckinghamshire :
اسم الناشر او الموزع C. Smythe,
تاريخ النشر أو التوزيع 1984.
300 ## - الوصف المادى
التعداد 159 p. ;
أبعاد الوعاء 23 cm.
650 #0 - المدخل الاضافى بالموضوع-مصطلح موضوعى
مصطلح موضوعي أو اسم جغرافي كعنصر مدخل Translating and interpreting.
9 (RLIN) 8640
942 ## - عناصر المدخل الإضافي( كوها)
مصدر التصنيف او مخطط الترفيف Dewey Decimal Classification
Koha [default] item type كتاب
المقتنيات
حالة الفقد نموذج السعر الفعال حالة تلف ليس للاعارة رقم الطلب تاريخ الاكتساب الموقع الحالي الباركود الفرع الرئيسي Date last seen نوع المادة فى نظام كوها مصدر التصنيف او خطة الترفيف Total Checkouts
  2013-03-10     428.02 F F T 2012-04-15 مكتبة مجمع الطالبات بالمجمعة (EMF) 00014691 مكتبة مجمع الطالبات بالمجمعة (EMF) 2013-03-10 كتاب Dewey Decimal Classification